000 00787nam0a22002411 4500
001 rc\2684026
005 20250623160109.0
035 _a(NLR Aleph) 006812360
090 _a6357103
_c6357103
100 _a20110915d1933 |||y0rusy50 ca
101 0 _arus
102 _aRU
105 _ay z |||||
200 1 _aЗа боевое участие комсомола в чистке партии
_fС. Девенишский
210 _a[Москва]
_cМоспартиздат
_d1933
_gтип. изд-ва "Крест. газ."
215 _a40 с., 1 с. "Содержание" на обл.
_d15х11 см.
700 1 _aДевенишский
_bС.
801 0 _aRU
_bNLR
_gpsbo
801 1 _aRU
_bELAR
_2rusmarc
852 _aNLR
_j33-8/2508
942 _cBOOK
980 _aNB